| 000 | 00440nam a2200145 i 4500 | ||
|---|---|---|---|
| 001 | 39254 | ||
| 003 | ES-MaACL | ||
| 007 | t| | ||
| 008 | 030227s1981 xxu ||||1| eng d | ||
| 245 | 0 | 4 |
_aThe Cambridge encyclopedia of earth sciences / _ceditor-in-chief David G. Smith. |
| 260 |
_aNew York : _bCrown Publisher, _c[1981] |
||
| 300 |
_a496 p. : _bil. ; _c27 cm. |
||
| 700 | 1 |
_aSmith, David G. _9106861 |
|
| 852 |
_aES-MaACL _jL-4236 _bR.104878 |
||
| 999 |
_c39254 _d39254 |
||